|
|
|
|
| LEADER |
02095nam a22004692a 4500 |
| 001 |
000054220 |
| 003 |
CZ BrMZK |
| 005 |
20210716143007.0 |
| 007 |
ta |
| 008 |
030405s1992 xr f |||| 0 cze d |
| 015 |
|
|
|a cnb000070980
|
| 020 |
|
|
|a 80-85467-00-3
|q (brož.)
|
| 035 |
|
|
|a (OCoLC)39574910
|
| 040 |
|
|
|a ABA001
|b cze
|d ABA001
|d BOA001
|
| 045 |
|
|
|a x-x-
|
| 072 |
|
7 |
|a 821.111.09
|x Anglická literatura, anglicky psaná (o ní)
|2 Konspekt
|9 11
|
| 080 |
|
|
|a 821(410)-31
|2 MRF
|
| 080 |
|
|
|a 821.111-31
|2 MRF
|
| 080 |
|
|
|a (048.8)
|2 MRF
|
| 100 |
1 |
|
|a Hilský, Martin,
|d 1943-
|7 jk01041063
|4 aut
|
| 245 |
1 |
0 |
|a Současný britský román /
|c Martin Hilský
|
| 260 |
|
|
|a [Jinočany] :
|b H & H,
|c 1992
|
| 300 |
|
|
|a 191 s. ;
|c 21 cm
|
| 500 |
|
|
|a Vydáno ve spolupráci s Filosofickou fakultou Univerzity Karlovy
|
| 500 |
|
|
|a 3000 výt.
|
| 504 |
|
|
|a Obsahuje bibliografické odkazy a rejstřík
|
| 648 |
|
7 |
|a 20. století
|7 ch460558
|2 czenas
|
| 650 |
0 |
7 |
|a britský román
|7 ph118996
|y 20. století
|2 czenas
|
| 650 |
0 |
7 |
|a anglicky psaný román
|7 ph118439
|y 20. století
|2 czenas
|
| 650 |
0 |
7 |
|a literárněvědné rozbory
|7 ph138745
|2 czenas
|
| 655 |
|
7 |
|a monografie
|7 fd132842
|2 czenas
|
| 856 |
4 |
1 |
|u http://www.digitalniknihovna.cz/mzk/uuid/uuid:3be75b00-9e35-11e3-a744-005056827e52
|y Digitalizovan dokument
|
| 910 |
|
|
|a BOA001
|b PK-0116.736
|b 2-0982.964
|
| 920 |
|
|
|a 000081027
|
| 928 |
9 |
|
|a Univerzita Karlova, Filozofická fakulta
|
| 990 |
|
|
|a BK
|
| 996 |
6 |
|
|b 2619957090
|c 2-0982.964
|l MZK
|r Sklad / do 1 hodiny
|n 5
|w 000054220
|u 000060
|a 1
|e BOA001
|j MZK50
|s P
|
| 996 |
7 |
|
|b 2619980704
|c 2-0982.964
|l MZK
|r Sklad / do 1 hodiny
|n 19
|w 000054220
|u 000040
|a 1
|e BOA001
|j MZK50
|s A
|
| 996 |
7 |
|
|b 2619982883
|c 2-0982.964
|l MZK
|r Sklad / do 1 hodiny
|n 39
|w 000054220
|u 000050
|a 1
|e BOA001
|j MZK50
|s A
|
| 996 |
7 |
|
|b 3119955040
|c PK-0116.736
|l MZK
|r Sklad / do 1 hodiny
|n 23
|w 000054220
|u 000030
|a 1
|e BOA001
|j MZK50
|s A
|
| 996 |
7 |
|
|b 3119966851
|c PK-0116.736
|l MZK
|r Sklad / do 1 hodiny
|n 11
|w 000054220
|u 000020
|a 1
|e BOA001
|j MZK50
|s A
|
| 996 |
7 |
|
|b 3119977243
|c PK-0116.736
|l MZK
|r Sklad / do 1 hodiny
|n 21
|w 000054220
|u 000010
|a 1
|e BOA001
|j MZK50
|s A
|